000 00415nam a22001577a 4500
005 20251108175952.0
008 250721s1995 xx 000 0 ara d
082 1 4 _a956.411/محم
100 1 _aمحمود، شفيق
245 1 0 _aالقدس /
264 1 _aابو ظبي :
_bالمجمع الثقافي،
_c1995.
300 _a95ص.
650 1 7 _aتاريخ القدس
942 _2ddc
_cBK
999 _c146671
_d146671